Bulktrans 91: conference proceedings
Сохранить в:
| Формат: | |
|---|---|
| Язык: | английский |
| Опубликовано: |
Surrey
Cargo Systems International
1991
|
| Предметы: | |
| Метки: |
Добавить метку
Нет меток, Требуется 1-ая метка записи!
|
MARC
| LEADER | 00000nam a2200000 a 4500 | ||
|---|---|---|---|
| 001 | UCV4813 | ||
| 003 | CL-VaPUC | ||
| 008 | 930426e19910000UK |||||||||||||||||eng|d | ||
| 082 | 0 | 4 | |a 388.04 |b BUL |2 21 |
| 245 | 1 | 0 | |a Bulktrans 91: conference proceedings |
| 300 | |a 279 p | ||
| 942 | |c BK | ||
| 945 | |d 19930426 00:00:00 | ||
| 260 | |a Surrey |b Cargo Systems International |c 1991 | ||
| 650 | 7 | |a TRANSPORTE |2 CL-VaPUC |9 256365 | |
| 650 | 7 | |a MANEJO DE SOLIDOS A GRANEL |2 CL-VaPUC |9 299001 | |
| 583 | |a last modification |c 20120511 07:13:38 |k Rodrigo Vera | ||
| 999 | |c 211482 |d 211480 | ||